| 000 | 00465cam a2200181ua 4500 | ||
|---|---|---|---|
| 020 | _cRs 76.00 | ||
| 041 |
_aeng _h |
||
| 082 |
_ap _bVUY/EL |
||
| 100 | _aVuylsteke, Arthur A . | ||
| 245 |
_aElements of master theory / _cArthur A Vuylsteke. _hTextual Documents |
||
| 250 |
_a1 / _b. |
||
| 260 |
_aNew York : _bVan Nostrand Reinhold Company , _c1960. |
||
| 300 | _a362 ; . | ||
| 365 | _aRs 76.00 | ||
| 504 | _a | ||
| 942 | _cBK | ||
| 999 |
_c1465 _d1465 |
||